banner koha

Efeitos geneticos e de ambiente sobre a duracao do intervalo de partos de bovinos mesticos holandes na regiao de Sao Carlos, Estado de Sao Paulo (Registro n. 121458)

MARC details
000 -LÍDER
campo de controle de tamanho fixo 01129nas a2200313 4500
001 - NÚMERO DE CONTROLE
campo de controle BR8707001
003 - IDENTIFICADOR DO NÚMERO DE CONTROLE
campo de controle BR-BrBNA
005 - DATA E HORÁRIO DA ÚLTIMA TRANSAÇÃO
campo de controle 20231205090904.0
007 - CAMPO FIXO DE DESCRIÇÃO FÍSICA--INFORMAÇÃO GERAL
campo de controle de tamanho fixo ta
008 - CAMPO DE DADOS FIXOS--INFORMAÇÃO GERAL
campo de controle de tamanho fixo 230509b bl.|||p| |||| 00| 00por d
040 ## - FONTE DA CATALOGAÇÃO
Instituição da catalogação original BR-BrBNA
Idioma da catalogação por
Instituição que transcreveu o registro Biblioteca Nacional de Agricultura
041 ## - CÓDIGO DE IDIOMA
Código do idioma do texto/trilha sonora ou título diferente (Pt)
072 ## - CÓDIGO DE CATEGORIA DE ASSUNTO
Código de Categoria de Assunto L10; L53
100 1# - ENTRADA PRINCIPAL--NOME PESSOAL
Nome pessoal Queiroz, S.A.
100 1# - ENTRADA PRINCIPAL--NOME PESSOAL
Nome pessoal Giannoni, M.A.
100 1# - ENTRADA PRINCIPAL--NOME PESSOAL
Nome pessoal Ramos, A. de A.
111 1# - ENTRADA PRINCIPAL--NOME DO EVENTO
Nome do evento ou lugar Part of thesis
245 1# - TÍTULO
Título Efeitos geneticos e de ambiente sobre a duracao do intervalo de partos de bovinos mesticos holandes na regiao de Sao Carlos, Estado de Sao Paulo
Restante do título Parte de tese
246 1# - FORMA VARIANTE DO TÍTULO
Título/título abreviado Genetical and environmental effects on the duration of calving intervals of crossbred dutch cattle from Sao Carlos, state of Sao Paulo
650 ## - ASSUNTO--TERMO TÓPICO
Cabeçalho tópico ou nome geográfico GADO HOLANDES
650 ## - ASSUNTO--TERMO TÓPICO
Cabeçalho tópico ou nome geográfico GENETICA ANIMAL
650 ## - ASSUNTO--TERMO TÓPICO
Cabeçalho tópico ou nome geográfico MEIO AMBIENTE
650 ## - ASSUNTO--TERMO TÓPICO
Cabeçalho tópico ou nome geográfico PARTO
650 ## - ASSUNTO--TERMO TÓPICO
Cabeçalho tópico ou nome geográfico HEREDITARIEDADE
650 ## - ASSUNTO--TERMO TÓPICO
Cabeçalho tópico ou nome geográfico SAO PAULO
773 0# - ENTRADA ANALÍTICA
Título Revista da Sociedade Brasileira de Zootecnia (Brazil)
ISSN - International Standard Serial Number ISSN 0100-4859
Partes relacionadas 1986, v. 15(6) p. 468-474
Número de controle do registro BR8707001
909 ## -
-- 202311
-- Lúcia
-- 55
-- Lúcia Elande
942 ## - ELEMENTOS DE ENTRADA ADICIONADOS (KOHA)
Fonte da classificação ou esquema de arquivamento na estante Classificação AGRIS
Ocultar no OPAC Não
Tipo de material Koha Analítica
Exemplares
Situação do descarte Fonte da classificação ou esquema de arquivamento na estante Situação física Não pode ser emprestado Biblioteca de origem Biblioteca atual Localização na estante Enumeração do periódico / cronologia Total de empréstimos Data de último acesso Número do exemplar Tipo de material Koha Fonte de aquisição
  Classificação AGRIS   Consulta local Biblioteca Nacional de Agricultura - Binagri Biblioteca Nacional de Agricultura - Binagri   1986, v. 15(6) p. 468-474   29/11/2023 01 Periódicos Portaria Interministerial nº 164/94

BINAGRI

Telefone: (61)3218-2567/2388/3357/2097 - binagri@agro.gov.br

Ministério da Agricultura e Pecuária , Esplanada dos Ministérios, Bloco D, Anexo B, Brasília/DF, CEP: 70.043-900